Datum a čas kvízu
28.5
Celkem bodů
Celkový počet nahraných bodů na tomto kvízu bez doplňovacích otázek.
8.
Pořadí na kvízu
Konečné umístění týmu na tomto kvízu.
Zaznamenané odpovědi
| # | Otázka | Odpověď | Body | Výsledky |
|---|---|---|---|---|
| 1. | Centrum pro výzkum veřejného m... | 0 | ||
| 2. | Parlament jedné země v úterý z... | 1 | ||
| 3. | V letošní písňové soutěži Euro... | 1 | ||
| 4. | Slovensko na Den vítězství zač... | 0 | ||
| 5. | Fotbalisté jistého klubu vytvo... | 1 | ||
| 6. | Také se Vám někdy stane, že v... | 0 | ||
| 7. | Napište slovo s českým slovním... | 0 | ||
| 8. | Vzpomeňte si na jednu dříve ho... | 0 | ||
| 9. | Pojmenujte česky slovo bilater... | 1 | ||
| 10. | Jaký je význam slova frigidní,... | 1 |